Povesti z Liptova

Bibliographic Details
Main Authors: Vrlík, Peter, 1964- (Author), Mišák, Peter, 1950- (Author)
Format: Software eBook
Language:Slovak
PhysicalDescription:1 elektronický optický disk (CD-ROM) fareb. 12 cm
Vydané aj v tlačenej forme
Published: [Martin] Vydavateľstvo Matice slovenskej iAdverti 2012
ISBN:9788081150814
Subjects:

MARC

LEADER 00000nam a2200000 a 4500
001 vtls010516278
003 SK-MaSNL
005 20260302050311.0
007 co cg auuua
008 240318s2012 xo gs 000 1 slo
015 |a SNBS2014 
020 |a 9788081150814  |q (epub)  |q (elektronická kniha) 
040 |a SNK  |b slo  |c SNK  |e AACR2 
041 0 |a slo 
043 |a e-xo--- 
044 |a xo  |c SK 
072 7 |a 821.162.4-3  |x Slovenská próza  |2 konspekt 
080 |a 821.162.4-34  |2 2001 
080 |a (437.6)  |2 2001 
080 |a (0.034.44)  |2 2001 
100 1 |a Vrlík, Peter,  |d 1964-  |4 aut  |9 331041 
245 1 0 |a Povesti z Liptova  |h elektronický zdroj  |c Peter Vrlík, Peter Mišák 
260 |a [Martin]  |b Vydavateľstvo Matice slovenskej  |b iAdverti  |c 2012 
300 |a 1 elektronický optický disk (CD-ROM)  |b fareb.  |c 12 cm 
500 |a Názov z titulnej obrazovky 
504 |a Bibliogr. odkazy 
516 |a Textový dokument (próza), súbor vo formáte epub 
530 |a Vydané aj v tlačenej forme 
538 |a Technické požiadavky: softvér na čítanie 
651 7 |a Liptov (Slovensko : región)  |2 SNKPH  |9 151081 
651 7 |a Liptov (Slovakia : region)  |2 SNKPHeng  |9 169045 
655 7 |a slovenské povesti  |2 SNKPH  |9 70638 
655 7 |a CD-ROM  |2 SNKPH  |9 70236 
655 7 |a elektronické zdroje  |2 SNKPH  |9 90954 
655 7 |a Slovak legends  |2 SNKPHeng  |9 293260 
655 7 |a Electronic resources  |2 SNKPHeng  |9 175546 
700 1 |a Mišák, Peter,  |d 1950-  |4 aut  |9 106471 
776 1 |t Povesti z Liptova  |w vtls009480222 
919 |a 978-80-8115-081-4 
958 |a LX 
958 |a NB 
999 |c 1096596  |d 1098526 
952 |a SNK  |b SNK  |y PREZ  |7 0  |p 17A1069116  |o snkSCDM 5759  |i snk2013/12554  |8 0  |0 0  |1 0  |4 0  |d 2013-06-04  |l 0  |r 2026-02-24 17:17:16  |w 2026-02-24